00474nam a22001577a 450000500170000001000150001702000260003203500140005803700130007208200080008510000170009324500900011026000370020027000620023730000170029920240313115302.0 aENG-139402 c695.00a9788178246659 aEN-122934 bDBAD/PUB a880 aMani,Preetha aThe Idea of Indian Literature:bGender,Genre and Comparative Method/cBy Preetha Mani aRanikhet bPermanent Blackc2022 a"Himalayana", Mall Road, Ranikhet CanttbRanikhete263645 a274p.c24.pb